Học Visual C++ 5 trong 21 ngày

محفوظ في:
التفاصيل البيبلوغرافية
المؤلف الرئيسي: Xuân Nguyệt
التنسيق: كتاب
منشور في: Nxb Mũi Cà Mau 1998
الوسوم: إضافة وسم
لا توجد وسوم, كن أول من يضع وسما على هذه التسجيلة!
Thư viện lưu trữ: Mạng thư viện Đại học Đà Nẵng
LEADER 00544nam a2200217 a 4500
001 000028909
003 905
005 20171030145630.0
008 171030s1998
040 |a LTT 
082 0 |a 005.13  |b XU-N 
100 1 |a Xuân Nguyệt 
245 0 0 |a Học Visual C++ 5 trong 21 ngày  |c Xuân Nguyệt, Phùng Kim Hoàng. 
260 |b Nxb Mũi Cà Mau  |c 1998 
OWN |a LTT 
999 |a From the UDN01 
TYP |a Monograph 
TYP |a Printed language 
980 |a Mạng thư viện Đại học Đà Nẵng